logo

Bir Sreshtho Munshi Abdur Rouf Library
Jhenaidah Cadet College

আমলার দিনলিপি / (Record no. 7286)

MARC details
000 -LEADER
fixed length control field 00776nam a2200229 a 4500
001 - CONTROL NUMBER
JCCL Control Number 7286
003 - CONTROL NUMBER IDENTIFIER
JCCL marc code BD-JhCC
005 - DATE AND TIME OF LATEST TRANSACTION
control field 20220803134023.0
008 - FIXED-LENGTH DATA ELEMENTS--GENERAL INFORMATION
fixed length control field 170926s2000 bg |||| ||| 000 0 ben d
020 ## - INTERNATIONAL STANDARD BOOK NUMBER
International Standard Book Number 9844101808
035 ## - SYSTEM CONTROL NUMBER
system control number (BD-JhCC)7286
040 ## - CATALOGING SOURCE
Original cataloging agency BD-JhCC
Modifying agency BD-JhCC
041 ## - LANGUAGE CODE
Language code of Book ben
082 ## - DEWEY DECIMAL CLASSIFICATION NUMBER
Classification number 954. 92
Author mark and Year RAH 2000.
100 ## - MAIN ENTRY--PERSONAL NAME
Personal name রহমান, কাজী ফজলুর
245 ## - TITLE STATEMENT
Title আমলার দিনলিপি /
Statement of responsibility, etc কাজী ফজলুর রহমান
260 ## - PUBLICATION, DISTRIBUTION, ETC. (IMPRINT)
Place of publication, distribution, etc ঢাকা :
Name of publisher, distributor, etc মাওলানা ব্রাদাস ৩৯ বাংলাবাজার,
Date of publication, distribution, etc 2000.
300 ## - PHYSICAL DESCRIPTION
Pagination ১৩২ পৃ. ;
Dimensions ২২ সেমি.
650 ## - SUBJECT ADDED ENTRY--TOPICAL TERM
Topical term or geographic name as entry element Politics and Government
Geographic subdivision Bangladesh
942 ## - ADDED ENTRY ELEMENTS (KOHA)
Source of classification or shelving scheme Dewey Decimal Classification
Koha item type Books
Koha issues (borrowed), all copies 2
Holdings
Source of classification or shelving scheme Damaged status Not for loan Home library Current library Shelving location Date of accession Cost, normal purchase price Total Checkouts Full call number Barcode Date last seen Date checked out Copy number Koha item type
Dewey Decimal Classification     JCC Rouf Library JCC Rouf Library General Stacks 02/07/2018 125.00 1 954.92 RAH 2000 9749 08/14/2022 08/02/2022 C-1 Books

JCC Library | Contacts | JCC Home

Last Update on 23 September 2017
Copyright @ 2017-2020 JCC Rouf Library
Rouf Library, Jhenidah Cadet College (JCC), Bangladesh